| 000 | 00738cab a2200253 4500 | ||
|---|---|---|---|
| 001 | WB3516-17 | ||
| 008 | 090401t1999 xxu||||| |||| 00| 0 eng d | ||
| 035 | _a(Sirsi) u93043 | ||
| 041 | _aeng | ||
| 245 | _aRICS says GM crops guidance flawed | ||
| 260 | _c1999 | ||
| 350 | _a0 | ||
| 490 |
_aRICS Press Release _v(193) 27 April 1999 (1) |
||
| 520 | _aNew guidelines on the handling of GM crops drawn up by SCIMAC could be flawed says the RICS. | ||
| 650 | _aBIOTECHNOLOGY | ||
| 650 | _aCODES OF PRACTICE | ||
| 650 | _aGENETICALLY MODIFIED CROPS | ||
| 650 | _aRICS | ||
| 650 | _aSCIMAC | ||
| 650 | _aSUPPLY CHAIN INITIATIVE ON MODIFIED AGRICULTURAL CROPS | ||
| 690 | _aRURAL PRACTICE | ||
| 942 | _n0 | ||
| 948 | _c28/04/1999 | ||
| 999 |
_c58971 _d58971 |
||